HIV/AIDS knowledge and self-efficacy among late adolscents in Nepal / (Record no. 121386)
[ view plain ]
| 000 -LEADER | |
|---|---|
| fixed length control field | 00516nam a2200181Ia 4500 |
| 008 - FIXED-LENGTH DATA ELEMENTS--GENERAL INFORMATION | |
| fixed length control field | 140626s9999 xx 000 0 und d |
| 100 ## - MAIN ENTRY--PERSONAL NAME | |
| Personal name | Mahat, Ganga. |
| 245 ## - TITLE STATEMENT | |
| Title | HIV/AIDS knowledge and self-efficacy among late adolscents in Nepal / |
| Statement of responsibility, etc | Ganga Mahat. |
| 260 ## - PUBLICATION, DISTRIBUTION, ETC. (IMPRINT) | |
| Date of publication, distribution, etc | c2012. |
| 300 ## - PHYSICAL DESCRIPTION | |
| Extent | 26 : 3, page 205 |
| 440 ## - SERIES STATEMENT/ADDED ENTRY--TITLE | |
| Title | Research and Theory for Nursing Practice |
| 521 ## - TARGET AUDIENCE NOTE | |
| Target audience note | |
| 650 ## - SUBJECT ADDED ENTRY--TOPICAL TERM | |
| Topical term or geographic name as entry element | HIV/AIDS knowledge. |
| 650 ## - SUBJECT ADDED ENTRY--TOPICAL TERM | |
| Topical term or geographic name as entry element | Late adolescents. |
| 650 ## - SUBJECT ADDED ENTRY--TOPICAL TERM | |
| Topical term or geographic name as entry element | Nepal. |
| 650 ## - SUBJECT ADDED ENTRY--TOPICAL TERM | |
| Topical term or geographic name as entry element | Self-efficacy. |
| 942 ## - ADDED ENTRY ELEMENTS (KOHA) | |
| Koha item type | Periodicals |
| Withdrawn status | Lost status | Damaged status | Home library | Current library | Shelving location | Date acquired | Total Checkouts | Barcode | Date last seen | Price effective from | Koha item type |
|---|---|---|---|---|---|---|---|---|---|---|---|
| College Library | College Library | Periodical Section | 06/26/2014 | S0494 | 06/26/2014 | 06/26/2014 | Periodicals |